<?xml version="1.0" encoding="UTF-8"?>
<record
    xmlns:xsi="http://www.w3.org/2001/XMLSchema-instance"
    xsi:schemaLocation="http://www.loc.gov/MARC21/slim http://www.loc.gov/standards/marcxml/schema/MARC21slim.xsd"
    xmlns="http://www.loc.gov/MARC21/slim">

  <leader>01179nam a2200253Ia 4500</leader>
  <controlfield tag="005">20250622124039.0</controlfield>
  <controlfield tag="008">250616s9999||||xx |||||||||||||| ||ara||</controlfield>
  <datafield tag="017" ind1=" " ind2=" ">
    <subfield code="a">2021/9/5365</subfield>
    <subfield code="b">&#x627;&#x644;&#x623;&#x631;&#x62F;&#x646;. &#x627;&#x644;&#x645;&#x643;&#x62A;&#x628;&#x629; &#x627;&#x644;&#x648;&#x637;&#x646;&#x64A;&#x629;</subfield>
  </datafield>
  <datafield tag="020" ind1=" " ind2=" ">
    <subfield code="a">9789957947378</subfield>
  </datafield>
  <datafield tag="082" ind1="0" ind2="4">
    <subfield code="a">"729,19"</subfield>
    <subfield code="b">&#x639; &#x634;</subfield>
  </datafield>
  <datafield tag="100" ind1="0" ind2=" ">
    <subfield code="a">&#x639;&#x628;&#x62F; &#x627;&#x644;&#x642;&#x627;&#x62F;&#x631; &#x645;&#x62D;&#x645;&#x648;&#x62F; &#x627;&#x644;&#x62D;&#x635;&#x627;&#x646;</subfield>
  </datafield>
  <datafield tag="245" ind1="1" ind2="0">
    <subfield code="a">"&#x627;&#x644;&#x634;&#x648;&#x627;&#x647;&#x62F; &#x627;&#x644;&#x62D;&#x636;&#x627;&#x631;&#x64A;&#x629;&#x60C; &#x627;&#x644;&#x62B;&#x642;&#x627;&#x641;&#x64A;&#x629;&#x60C; &#x627;&#x644;&#x627;&#x62C;&#x62A;&#x645;&#x627;&#x639;&#x64A;&#x629; &#x648;&#x627;&#x644;&#x643;&#x62A;&#x627;&#x628;&#x627;&#x62A; &#x627;&#x644;&#x623;&#x62B;&#x631;&#x64A;&#x629; &#x641;&#x649; &#x645;&#x62D;&#x627;&#x641;&#x638;&#x629; &#x627;&#x644;&#x645;&#x641;&#x631;&#x642; &#x648;&#x628;&#x627;&#x62F;&#x64A;&#x62A;&#x647;&#x627; &#x639;&#x628;&#x631; &#x631;&#x62D;&#x644;&#x629; &#x627;&#x644;&#x632;&#x645;&#x646; : "</subfield>
    <subfield code="b">"&#x62F;&#x631;&#x627;&#x633;&#x627;&#x62A; &#x648;&#x628;&#x62D;&#x648;&#x62B; &#x623;&#x62B;&#x631;&#x64A;&#x629;&#x60C; &#x627;&#x62C;&#x62A;&#x645;&#x627;&#x639;&#x64A;&#x629; &#x648;&#x644;&#x63A;&#x648;&#x64A;&#x629; &#x62A;&#x627;&#x631;&#x64A;&#x62E;&#x64A;&#x629; &#x645;&#x64A;&#x62F;&#x627;&#x646;&#x64A;&#x629; /"</subfield>
    <subfield code="c">&#x639;&#x628;&#x62F; &#x627;&#x644;&#x642;&#x627;&#x62F;&#x631; &#x645;&#x62D;&#x645;&#x648;&#x62F; &#x627;&#x644;&#x62D;&#x635;&#x627;&#x646;</subfield>
  </datafield>
  <datafield tag="250" ind1=" " ind2=" ">
    <subfield code="a">&#x637;1</subfield>
  </datafield>
  <datafield tag="260" ind1="3" ind2=" ">
    <subfield code="a">&#x639;&#x645;&#x627;&#x646; :</subfield>
    <subfield code="b">"&#x648;&#x632;&#x627;&#x631;&#x629; &#x627;&#x644;&#x62B;&#x642;&#x627;&#x641;&#x629;&#x60C;"</subfield>
    <subfield code="c">2021.</subfield>
  </datafield>
  <datafield tag="300" ind1=" " ind2=" ">
    <subfield code="a">699&#x635; :</subfield>
    <subfield code="b">&#x635;&#x648;&#x631; &#x61B;</subfield>
    <subfield code="c">24&#x633;&#x645;.</subfield>
  </datafield>
  <datafield tag="490" ind1=" " ind2=" ">
    <subfield code="a">&#x633;&#x644;&#x633;&#x644;&#x629; &#x641;&#x643;&#x631; &#x648;&#x645;&#x639;&#x631;&#x641;&#x629;</subfield>
  </datafield>
  <datafield tag="650" ind1=" " ind2=" ">
    <subfield code="a">"a</subfield>
    <subfield code=" ">&#x627;&#x644;&#x643;&#x62A;&#x627;&#x628;&#x627;&#x62A; &#x627;&#x644;&#x639;&#x631;&#x628;&#x64A;&#x629;&#x60C; &#x639;&#x644;&#x645;"</subfield>
  </datafield>
  <datafield tag="650" ind1=" " ind2=" ">
    <subfield code="a">&#x627;&#x644;&#x62E;&#x637; &#x627;&#x644;&#x639;&#x631;&#x628;&#x649;</subfield>
  </datafield>
  <datafield tag="650" ind1=" " ind2=" ">
    <subfield code="a">&#x627;&#x644;&#x644;&#x63A;&#x629; &#x627;&#x644;&#x639;&#x631;&#x628;&#x64A;&#x629; </subfield>
    <subfield code="x"> &#x62A;&#x627;&#x631;&#x64A;&#x62E;</subfield>
  </datafield>
  <datafield tag="650" ind1=" " ind2=" ">
    <subfield code="a">&#x627;&#x644;&#x646;&#x642;&#x648;&#x634; &#x627;&#x644;&#x639;&#x631;&#x628;&#x64A;&#x629;</subfield>
  </datafield>
  <datafield tag="650" ind1=" " ind2=" ">
    <subfield code="a">&#x627;&#x644;&#x646;&#x642;&#x648;&#x634; &#x627;&#x644;&#x645;&#x639;&#x645;&#x627;&#x631;&#x64A;&#x629;</subfield>
  </datafield>
  <datafield tag="942" ind1=" " ind2=" ">
    <subfield code="c">BK</subfield>
  </datafield>
  <datafield tag="999" ind1=" " ind2=" ">
    <subfield code="c">67715</subfield>
    <subfield code="d">67715</subfield>
  </datafield>
  <datafield tag="952" ind1=" " ind2=" ">
    <subfield code="0">0</subfield>
    <subfield code="1">0</subfield>
    <subfield code="4">0</subfield>
    <subfield code="7">0</subfield>
    <subfield code="a">CAI</subfield>
    <subfield code="b">CAI</subfield>
    <subfield code="c">&#x627;&#x644;&#x641;&#x646;&#x648;&#x646;-&#x639;&#x631;&#x628;&#x649;	</subfield>
    <subfield code="d">2025-06-22</subfield>
    <subfield code="l">0</subfield>
    <subfield code="r">2025-06-22 12:40:39</subfield>
    <subfield code="w">2025-06-22</subfield>
    <subfield code="y">BK</subfield>
  </datafield>
</record>
